Cahiers d'etude/ (Record no. 3482)

MARC details
000 -LEADER
campo de control de longitud fija 01575nam a22004457a 4500
003 - IDENTIFICADOR DE NÚMERO DE CONTROL
campo de control OSt
005 - FECHA Y HORA DE LA ÚLTIMA TRANSACCIÓN
campo de control 20230427102431.0
008 - DATOS DE LONGITUD FIJA--INFORMACIÓN GENERAL
campo de control de longitud fija 221006b |||||||| |||| 00| 0 eng d
040 ## - FUENTE DE CATALOGACIÓN
Centro/agencia transcriptor Biblioteca Lado V
082 ## - NÚMERO DE LA CLASIFICACIÓN DECIMAL DEWEY
Número de clasificación 700
Número de ítem C971s
100 ## - ENTRADA PRINCIPAL--NOMBRE DE PERSONA
9 (RLIN) 620
Nombre de persona Perot, Jacques
Término indicativo de función/relación editor
245 ## - MENCIÓN DEL TÍTULO
Título Cahiers d'etude/
Resto del título Study Series/
260 ## - PUBLICACIÓN, DISTRIBUCIÓN, ETC.
Nombre del editor, distribuidor, etc. International Council of Museums
Lugar de publicación, distribución, etc. Paris
Fecha de publicación, distribución, etc. 2003
300 ## - DESCRIPCIÓN FÍSICA
Dimensiones 21x30cm
Extensión 32p.
366 ## - INFORMACIÓN SOBRE DISPONIBILIDAD COMERCIAL
Nota fre
490 ## - MENCIÓN DE SERIE
Mención de serie 11
Designación de volumen o secuencia 2003
Número Internacional Normalizado para Publicaciones Seriadas 1020-5543
505 ## - NOTA DE CONTENIDO CON FORMATO
Título Preface
505 ## - NOTA DE CONTENIDO CON FORMATO
Título Editorial
505 ## - NOTA DE CONTENIDO CON FORMATO
Título A Global is just another Tool<br/>
505 ## - NOTA DE CONTENIDO CON FORMATO
Título Emerging Stenghts
505 ## - NOTA DE CONTENIDO CON FORMATO
Título University Museums
505 ## - NOTA DE CONTENIDO CON FORMATO
Título Le musee de Science
505 ## - NOTA DE CONTENIDO CON FORMATO
Título The History of Science
505 ## - NOTA DE CONTENIDO CON FORMATO
Título The uNIVERSITY mUSEUM
505 ## - NOTA DE CONTENIDO CON FORMATO
Título Asociacion de Museos y Colecciones
505 ## - NOTA DE CONTENIDO CON FORMATO
Título Outreach
505 ## - NOTA DE CONTENIDO CON FORMATO
Título Desperately Seeking
505 ## - NOTA DE CONTENIDO CON FORMATO
Título Challenges for University Museums
505 ## - NOTA DE CONTENIDO CON FORMATO
Título European Cooperation in the Protection and Promotion of the University Geritage
650 ## - PUNTO DE ACCESO ADICIONAL DE MATERIA--TÉRMINO DE MATERIA
Fuente del encabezamiento o término Tesauro de Arte & Arquitectura
Término de materia o nombre geográfico como elemento de entrada ARTE
9 (RLIN) 703
650 ## - PUNTO DE ACCESO ADICIONAL DE MATERIA--TÉRMINO DE MATERIA
Fuente del encabezamiento o término Tesauro de Arte & Arquitectura
Término de materia o nombre geográfico como elemento de entrada EXPOSICIONES
650 ## - PUNTO DE ACCESO ADICIONAL DE MATERIA--TÉRMINO DE MATERIA
Fuente del encabezamiento o término Tesauro de Arte & Arquitectura
Término de materia o nombre geográfico como elemento de entrada CULTURA
650 ## - PUNTO DE ACCESO ADICIONAL DE MATERIA--TÉRMINO DE MATERIA
Fuente del encabezamiento o término Tesauro de Arte & Arquitectura
Término de materia o nombre geográfico como elemento de entrada APRECIACION
650 ## - PUNTO DE ACCESO ADICIONAL DE MATERIA--TÉRMINO DE MATERIA
Fuente del encabezamiento o término Tesauro de Arte & Arquitectura
Término de materia o nombre geográfico como elemento de entrada TEORIA
650 ## - PUNTO DE ACCESO ADICIONAL DE MATERIA--TÉRMINO DE MATERIA
Fuente del encabezamiento o término Tesauro de Arte & Arquitectura
Término de materia o nombre geográfico como elemento de entrada VIDEO
650 ## - PUNTO DE ACCESO ADICIONAL DE MATERIA--TÉRMINO DE MATERIA
Fuente del encabezamiento o término Tesauro de Arte & Arquitectura
Término de materia o nombre geográfico como elemento de entrada MUSICA
9 (RLIN) 702
650 ## - PUNTO DE ACCESO ADICIONAL DE MATERIA--TÉRMINO DE MATERIA
Fuente del encabezamiento o término Tesauro de Arte & Arquitectura
Término de materia o nombre geográfico como elemento de entrada LITERATURA
650 ## - PUNTO DE ACCESO ADICIONAL DE MATERIA--TÉRMINO DE MATERIA
Fuente del encabezamiento o término Tesauro de Arte & Arquitectura
Término de materia o nombre geográfico como elemento de entrada FRANCIA
942 ## - ELEMENTOS DE ENTRADA SECUNDARIOS (KOHA)
Fuente del sistema de clasificación o colocación Clasificación Decimal Dewey
Tipo de ítem Koha Libros
Parte de la signatura que corresponde a la clasificación (Parte de la clasificación) 700
Parte de la signatura que identifica el ejemplar (Parte del ítem) P453c
Suprimir en OPAC No
Holdings
Estatus retirado Estado de pérdida Fuente del sistema de clasificación o colocación Especificación de materiales (volumen encuadernado u otra parte) Estado de daño No para préstamo Colección Biblioteca de origen Biblioteca actual Fecha de adquisición Enumeración/cronología de publicación seriada Número de inventario Total de préstamos Signatura topográfica completa Código de barras Visto por última vez Precio de reemplazo Tipo de ítem Koha
    Clasificación Decimal Dewey 2003     Revistas Biblioteca LadoV Biblioteca LadoV 27/04/2023 11 002416   700 P453c 002416 27/04/2023 27/04/2023 Libros